000 01005nam a22003377a 4500
001 BR2015003729
003 BR-BrBNA
005 20230928104650.0
007 ta
008 230509b bl.||||| |||| 00| 0 por d
040 _aBR-BrBNA
_bpor
_cBiblioteca Nacional de Agricultura
041 _a(Por)
072 _aL10; L20
_b5212
090 _ 5212 BR2015003729
100 1 _aBaena, M.M.
110 1 _aUniversidade Federal de Lavras, MG (Brasil)
_0Tese (Mestrado)
245 1 _aAdaptabilidade de bovinos taurinos criados em condições climáticas subtropicais
260 3 _aLavras, MG (Brasil):
_c2014.
300 _a94 p.
500 _aSummaries (Eng, Por); Several bibliography; 11 tables
650 _aGADO SIMMENTAL
650 _aGADO MISTO
650 _aCLIMA TROPICAL
650 _aMARCADOR MOLECULAR
650 _aMORFOLOGIA ANIMAL
650 _aFISIOLOGIA ANIMAL
650 _aPELAME
650 _aMÉTODO ESTATÍSTICO
909 _a202309
_bLucia
_c55
_dLucia Elande
942 _cBK
999 _c81109
_d81109